Sbírka úloh z matematiky pro SOŠ, SOU a nástavbové studium

Saved in:
Bibliographic Details
Corporate Author Jednota českých matematiků a fyziků
Format Book
LanguageCzech
Published Praha : Prometheus, 2005
Edition2. vyd.
Subjects
ISBN8071963186
Physical Description415 s. : il.

Cover

LEADER 00000cam a22000007a 4500
001 26102
003 CZ-ZlUTB
005 20190825235004.0
008 051213s2005 xr |||||r|||||||||||cze|d
020 |a 8071963186  |q (váz.) 
040 |a ZLD002  |b cze  |c ZLD002  |d ZLD002 
072 7 |a 51  |x Matematika  |2 Konspekt  |9 13 
080 |a 51  |2 v 
110 2 |a Jednota českých matematiků a fyziků 
245 1 0 |a Sbírka úloh z matematiky pro SOŠ, SOU a nástavbové studium 
250 |a 2. vyd. 
260 |a Praha :  |b Prometheus,  |c 2005 
300 |a 415 s. :  |b il. 
650 0 4 |a Matematika 
655 7 |a sbírky úloh  |7 fd132056  |2 czenas 
655 7 |a učebnice středních škol  |7 fd133771  |2 czenas 
910 |a ZLD002 
952 |0 0  |1 0  |4 0  |6 51SBÍRKA  |7 0  |8 BOOK  |9 51912  |a UTBZL  |b UTBZL  |c 007  |d 2006-07-29  |l 0  |o 51/SBÍRKA  |p 420010091232  |q 2099-12-31  |r 2019-08-25 00:00:00  |v 172.00  |w 2019-08-25  |x N:nákup | 20100630  |y 08 
992 |a BK 
999 |c 26102  |d 26102